[Event "GBR-ch 50+ 106th"]
[Site "Torquay"]
[Date "2019.07.30"]
[Round "2"]
[White "Willmoth, Robert"]
[Black "Wilson, Edgar"]
[Result "1/2-1/2"]
[WhiteElo "2138"]
[BlackElo "1755"]
[PlyCount "83"]
[EventDate "2019.07.29"]
[EventType "swiss"]
[EventRounds "7"]
[EventCountry "ENG"]
[SourceTitle "EXT 2020"]
[Source "ChessBase"]
[SourceDate "2019.10.17"]
[SourceVersion "1"]
[SourceVersionDate "2019.10.17"]
[SourceQuality "1"]

1. d4 d5 2. Nf3 Nf6 3. c4 e6 4. g3 Be7 5. Bg2 0-0 6. 0-0 b6 7. cxd5 exd5 8. Nc3 Be6 9. Qc2 c5 10. Rd1 Nc6 11. dxc5 bxc5 12. e3 Qc8 13. b3 Rd8 14. Ba3 Nb4 15. Qe2 Bg4 16. Rac1 a5 17. Qf1 Ne4 18. Bxb4 axb4 19. Nxd5 Rxd5 20. Rxd5 Rxa2 21. Ne5 Rxf2 22. Qc4 Rxg2+ 23. Kxg2 Bh3+ 24. Kg1 Qf5 25. Rf1 Bxf1 26. Qxf1 Qe6 27. Qc4 Nf6 28. Rxc5 Bxc5 29. Qxc5 h6 30. Nc4 Ng4 31. Qxb4 Qe4 32. Qc3 Qf5 33. Qb2 Qe4 34. h3 Nxe3 35. Nxe3 Qxe3+ 36. Kh2 h5 37. b4 h4 38. gxh4 Qf4+ 39. Kg2 Qe4+ 40. Kf2 Qxh4+ 41. Kg2 Qe4+ 42. Kh2 1/2-1/2